Maestro Azorín / (Record no. 63035)

MARC details
000 -LEADER
campo de control de longitud fija 00604nam a2200205 i 4500
001 - NÚMERO DE CONTROL
campo de control 63035
003 - IDENTIFICADOR DE NÚMERO DE CONTROL
campo de control ES-MaACL
005 - FECHA Y HORA DE LA ÚLTIMA TRANSACCIÓN
campo de control 20230906164755.0
007 - CAMPO FIJO DE DESCRIPCIÓN FÍSICA--INFORMACIÓN GENERAL
campo de control de longitud fija t|
008 - DATOS DE LONGITUD FIJA--INFORMACIÓN GENERAL
campo de control de longitud fija 031127s1973 sp ||||1| spa d
100 1# - ENTRADA PRINCIPAL--NOMBRE DE PERSONA
Nombre de persona Fernández Pombo, Alejandro.
9 (RLIN) 50006
245 10 - MENCIÓN DEL TÍTULO
Título Maestro Azorín /
Mención de responsabilidad, etc. Alejandro Fernández Pombo.
260 ## - PUBLICACIÓN, DISTRIBUCIÓN, ETC.
Lugar de publicación, distribución, etc. [Madrid] :
Nombre del editor, distribuidor, etc. Doncel,
Fecha de publicación, distribución, etc. [1973]
300 ## - DESCRIPCIÓN FÍSICA
Extensión 155 p. ;
Dimensiones 18 cm.
490 1# - MENCIÓN DE SERIE
Mención de serie Libro joven de bolsillo ;
Designación de volumen o secuencia 46
500 ## - NOTA GENERAL
Nota general Premio Doncel de biografía.
830 0# - PUNTO DE ACCESO ADICIONAL DE SERIE-TÍTULO UNIFORME
Título uniforme Libro joven de bolsillo ;
Designación de volumen o secuencia 46
9 (RLIN) 181662
852 ## - LOCALIZACIÓN
Ubicación ES-MaACL
Número de control de estantería C-52901
Sublocalización o colección R.86379
Holdings
Estatus retirado Estado de pérdida Estado de daño No para préstamo Biblioteca de origen Biblioteca actual Ubicación en estantería Fecha de adquisición Fuente de adquisición Total de préstamos Signatura topográfica completa Código de barras Visto por última vez Precio de reemplazo Tipo de ítem Koha
        Biblioteca del Ateneo de Madrid Biblioteca del Ateneo de Madrid Depósito 2 17/01/2008     C-52901 1066083 23/02/2023 23/02/2023 Libro impreso